| 000 | 01651nam a2200349 a 4500 | ||
|---|---|---|---|
| 003 | BLK | ||
| 005 | 20250517152612.0 | ||
| 008 | 180411b bul|||||r ||||||| ||bul|| | ||
| 010 | _aKNG00176544000 | ||
| 040 | _aBLK | ||
| 041 |
_aBUL _cBUL |
||
| 072 | 7 |
_2bullib _aК _xКраезнание |
|
| 080 |
_aСелско стопанство. Горско стопанство. Лов. Рибно стопанство _b63 _x(497.2) _z63(497.2) |
||
| 080 |
_aСелски общини. Социология на селото. Аграрна социология _b316.334.55 _x(497.2) _z316.334.55(497.2) |
||
| 139 |
_aБългарското село 1930 год. _bБ 92 |
||
| 245 | 1 | 0 |
_aБългарското село 1930 год. _bЮбил. сб. |
| 257 | _aBGR | ||
| 260 |
_aСофия _bБибл. Нашето село _c1931 _f(София : Пряпорец) |
||
| 300 |
_aLXXII, 480, 120 с. _bс портр. _c29 см |
||
| 380 | _a63 | ||
| 500 | _aКор. загл. Българското село. | ||
| 650 | 4 |
_aСелско стопанство - България _9269258 |
|
| 650 | 0 |
_aСела - България - социология _9257352 |
|
| 852 |
_aЦб 6.295.6875 _bЦб |
||
| 852 |
_aК 63/Б 92 _bК |
||
| 856 | 4 |
_qpdf _i0.00 _lreg users access _fБългарското село 1930 год. _xebook _zБългарското село 1930 год. _uhttp://185.138.176.146:18082/cgi-bin/koha/opac-retrieve-file.pl?id=ac7917bcbb26c174e7938d5a5d826591 |
|
| 942 |
_cKNG _n0 _s1 _01 |
||
| 944 |
_aCR _c11.06.2015 _lЦветомила Тодорова _k30576 |
||
| 944 |
_aED _c2023-04-18 _kКети |
||
| 999 |
_c168627 _d168627 |
||
| 999 | _d168627 | ||
| 999 | _d168627 | ||